Ideología y alienación (Record no. 82827)

MARC details
000 -LEADER
campo de control de longitud fija 00533nam a2200181 i 4500
001 - NÚMERO DE CONTROL
campo de control 82827
003 - IDENTIFICADOR DE NÚMERO DE CONTROL
campo de control ES-MaACL
005 - FECHA Y HORA DE LA ÚLTIMA TRANSACCIÓN
campo de control 20230906174734.0
007 - CAMPO FIJO DE DESCRIPCIÓN FÍSICA--INFORMACIÓN GENERAL
campo de control de longitud fija t|
008 - DATOS DE LONGITUD FIJA--INFORMACIÓN GENERAL
campo de control de longitud fija 041111s1973 sp ||||1| spa d
245 00 - MENCIÓN DEL TÍTULO
Título Ideología y alienación
Resto del título : (metodología y dialéctica en los "Grundrisse").
260 ## - PUBLICACIÓN, DISTRIBUCIÓN, ETC.
Lugar de publicación, distribución, etc. [Madrid :
Nombre del editor, distribuidor, etc. Alberto Corazón,
Fecha de publicación, distribución, etc. 1973]
300 ## - DESCRIPCIÓN FÍSICA
Extensión 145 p. ;
Dimensiones 21 cm.
490 1# - MENCIÓN DE SERIE
Mención de serie Comunicación. Serie C
830 0# - PUNTO DE ACCESO ADICIONAL DE SERIE-TÍTULO UNIFORME
Título uniforme Comunicación. Serie C
9 (RLIN) 186765
852 ## - LOCALIZACIÓN
Ubicación ES-MaACL
Número de control de estantería C-52928
Sublocalización o colección R.86390
Holdings
Estatus retirado Estado de pérdida Estado de daño No para préstamo Biblioteca de origen Biblioteca actual Ubicación en estantería Fecha de adquisición Fuente de adquisición Total de préstamos Signatura topográfica completa Código de barras Visto por última vez Precio de reemplazo Tipo de ítem Koha
        Biblioteca del Ateneo de Madrid Biblioteca del Ateneo de Madrid Depósito 2 17/01/2008     C-52928 1086560 23/02/2023 23/02/2023 Libro impreso